[Event "WC-2016-P-00017"]
[Site "LSS email"]
[Date "2016.01.22"]
[Round "?"]
[White "Koehler, Josef"]
[Black "Narkun, Malgorzata"]
[Result "1/2-1/2"]
[WhiteElo "2125"]
[BlackElo "2061"]
[PlyCount "40"]
[EventDate "2016.01.28"]
[EventType "tourn (corr)"]
[EventRounds "12"]
[EventCountry "GER"]
[SourceTitle "Corr 2022"]
[Source "ChessBase"]
[SourceDate "2021.10.24"]
[SourceVersion "1"]
[SourceVersionDate "2021.10.24"]
[SourceQuality "1"]

1. Nf3 f5 2. d4 Nf6 3. g3 g6 4. Bg2 Bg7 5. 0-0 0-0 6. c4 d6 7. Nc3 c6 8. d5 e5 9. dxe6 Bxe6 10. Qd3 Nbd7 11. Bf4 Nb6 12. b3 Re8 13. Rad1 d5 14. Ng5 Qe7 15. Nxe6 dxc4 16. bxc4 Qxe6 17. c5 Nc4 18. Qc2 Qf7 19. e4 fxe4 20. Nxe4 Nxe4 1/2-1/2

[Event "WC-2016-P-00017"]
[Site "LSS email"]
[Date "2016.01.22"]
[Round "?"]
[White "Narkun, Malgorzata"]
[Black "Colibaba, Alexandr"]
[Result "1/2-1/2"]
[WhiteElo "2061"]
[BlackElo "2237"]
[PlyCount "61"]
[EventDate "2016.01.28"]
[EventType "tourn (corr)"]
[EventRounds "12"]
[EventCountry "GER"]
[SourceTitle "Corr 2022"]
[Source "ChessBase"]
[SourceDate "2021.10.24"]
[SourceVersion "1"]
[SourceVersionDate "2021.10.24"]
[SourceQuality "1"]

1. d4 Nf6 2. c4 g6 3. Nc3 Bg7 4. e4 d6 5. f3 0-0 6. Be3 c5 7. Nge2 Nc6 8. d5 Na5 9. Ng3 a6 10. Rc1 Bd7 11. b3 Rb8 12. Bd3 b5 13. 0-0 bxc4 14. bxc4 Rb4 15. Qe2 Qc7 16. Nd1 h5 17. Qf2 Bc8 18. Qe1 Re8 19. Bd2 Ra4 20. Rc2 e6 21. Nc3 Rxc4 22. e5 dxe5 23. dxe6 Rd4 24. Nce4 Rxd3 25. Bxa5 Qe7 26. exf7+ Qxf7 27. Nxc5 Rd6 28. Nce4 Nxe4 29. Nxe4 Rd3 30. Bb6 Bf5 31. Qe2 1/2-1/2

[Event "WC-2016-P-00017"]
[Site "LSS email"]
[Date "2016.01.22"]
[Round "?"]
[White "Narkun, Malgorzata"]
[Black "Koehler, Josef"]
[Result "1/2-1/2"]
[WhiteElo "2061"]
[BlackElo "2125"]
[PlyCount "71"]
[EventDate "2016.01.28"]
[EventType "tourn (corr)"]
[EventRounds "12"]
[EventCountry "GER"]
[SourceTitle "Corr 2022"]
[Source "ChessBase"]
[SourceDate "2021.10.24"]
[SourceVersion "1"]
[SourceVersionDate "2021.10.24"]
[SourceQuality "1"]

1. d4 Nf6 2. c4 e6 3. Nc3 Bb4 4. f3 d5 5. a3 Bxc3+ 6. bxc3 c5 7. cxd5 Nxd5 8. dxc5 Qa5 9. e4 Nf6 10. Be3 0-0 11. Qd2 Nfd7 12. c4 Qxd2+ 13. Kxd2 Nc6 14. Nh3 b6 15. cxb6 axb6 16. Be2 Ba6 17. Rhc1 Na5 18. Rc3 Rfc8 19. Rac1 Rc6 20. Nf2 Rac8 21. Ke1 Bxc4 22. Nd3 b5 23. Nb4 R6c7 24. Bf4 Rb7 25. Nc2 h6 26. Ne3 Nc5 27. Bg3 Ra8 28. Rb1 Na4 29. Rc2 Bxe2 30. Kxe2 Ra6 31. Be1 Kh7 32. Kf1 Nc6 33. Rd2 Raa7 34. Rd3 Na5 35. Rd6 Nc5 36. Bd2 1/2-1/2

[Event "WC-2016-P-00017"]
[Site "LSS email"]
[Date "2016.01.22"]
[Round "?"]
[White "Narkun, Malgorzata"]
[Black "Mauro, Lucio"]
[Result "1/2-1/2"]
[WhiteElo "2061"]
[BlackElo "2216"]
[PlyCount "95"]
[EventDate "2016.01.28"]
[EventType "tourn (corr)"]
[EventRounds "12"]
[EventCountry "GER"]
[SourceTitle "Corr 2022"]
[Source "ChessBase"]
[SourceDate "2021.10.24"]
[SourceVersion "1"]
[SourceVersionDate "2021.10.24"]
[SourceQuality "1"]

1. d4 Nf6 2. c4 e6 3. Nc3 Bb4 4. f3 0-0 5. a3 Bxc3+ 6. bxc3 Nh5 7. g3 f5 8. e4 d6 9. exf5 exf5 10. Bd3 c5 11. Ne2 Nc6 12. 0-0 b6 13. Nf4 Nxf4 14. Bxf4 Qf6 15. d5 Ne7 16. Bc1 f4 17. Bxf4 Ng6 18. Be3 Qxc3 19. Qd2 Qxd2 20. Bxd2 Ne5 21. Be2 Bh3 22. Rf2 Rab8 23. a4 Rf7 24. Bf4 Re8 25. a5 Rfe7 26. axb6 axb6 27. Bd2 h6 28. f4 Ng4 29. Bxg4 Bxg4 30. f5 Re2 31. Rxe2 Rxe2 32. Bf4 Bxf5 33. Bxd6 Bh3 34. Rc1 Kf7 35. Bc7 Rg2+ 36. Kh1 Rb2 37. Be5 Rf2 38. Bc7 Ke7 39. Bxb6 Kd6 40. Ba7 Rb2 41. Ra1 Rb4 42. Ra6+ Ke5 43. Bxc5 Rxc4 44. Ba3 Kxd5 45. Ra5+ Ke4 46. Rh5 Bg4 47. Rc5 Rd4 48. Rc1 1/2-1/2

[Event "CP-2015-Q-00009"]
[Site "LSS email"]
[Date "2015.12.02"]
[Round "?"]
[White "Narkun, Malgorzata"]
[Black "Milde, Lars"]
[Result "1-0"]
[WhiteElo "2043"]
[BlackElo "2279"]
[PlyCount "63"]
[EventDate "2015.12.08"]
[EventType "tourn (corr)"]
[EventRounds "6"]
[EventCountry "GER"]
[SourceTitle "Corr 2022"]
[Source "ChessBase"]
[SourceDate "2021.10.24"]
[SourceVersion "1"]
[SourceVersionDate "2021.10.24"]
[SourceQuality "1"]

1. d4 Nf6 2. c4 g6 3. Nc3 Bg7 4. e4 d6 5. Be2 0-0 6. Bg5 Na6 7. Nf3 h6 8. Be3 e5 9. 0-0 Ng4 10. Bc1 c6 11. d5 c5 12. h3 Nf6 13. Be3 Kh7 14. a3 Nh5 15. Re1 b6 16. Qd2 Nc7 17. Bf1 a5 18. b4 f5 19. Qb2 f4 20. Bd2 Ne8 21. bxc5 bxc5 22. Na4 Rf7 23. Rab1 Rb7 24. Qc2 Rbb8 25. Rxb8 Rxb8 26. Rb1 Bd7 27. Rxb8 Qxb8 28. Qb2 Qxb2 29. Nxb2 Nhf6 30. Bd3 a4 31. Ba5 Kg8 32. Bc2 1-0

[Event "CP-2015-Q-00009"]
[Site "LSS email"]
[Date "2015.12.02"]
[Round "?"]
[White "Narkun, Malgorzata"]
[Black "Sukhanitskij, Stanislav"]
[Result "1/2-1/2"]
[WhiteElo "2043"]
[BlackElo "2151"]
[PlyCount "53"]
[EventDate "2015.12.08"]
[EventType "tourn (corr)"]
[EventRounds "6"]
[EventCountry "GER"]
[SourceTitle "Corr 2022"]
[Source "ChessBase"]
[SourceDate "2021.10.24"]
[SourceVersion "1"]
[SourceVersionDate "2021.10.24"]
[SourceQuality "1"]

1. d4 Nf6 2. c4 e6 3. Nc3 Bb4 4. f3 c5 5. d5 b5 6. e4 0-0 7. Bg5 h6 8. Bh4 exd5 9. cxd5 a6 10. Bd3 d6 11. Nge2 Nbd7 12. 0-0 Ne5 13. a3 Ba5 14. Kh1 Bd7 15. f4 Ng6 16. Bxf6 Qxf6 17. e5 dxe5 18. f5 Nf4 19. Ne4 Qb6 20. Nxf4 exf4 21. f6 c4 22. Rxf4 Qd4 23. fxg7 Kxg7 24. Bc2 Qxd1+ 25. Rxd1 Bd8 26. Ng3 Bg5 27. Rf2 1/2-1/2

[Event "CP-2015-Q-00009"]
[Site "LSS email"]
[Date "2015.12.02"]
[Round "?"]
[White "Seiler, Peter"]
[Black "Narkun, Malgorzata"]
[Result "1/2-1/2"]
[WhiteElo "2031"]
[BlackElo "2043"]
[PlyCount "90"]
[EventDate "2015.12.08"]
[EventType "tourn (corr)"]
[EventRounds "6"]
[EventCountry "GER"]
[SourceTitle "Corr 2022"]
[Source "ChessBase"]
[SourceDate "2021.10.24"]
[SourceVersion "1"]
[SourceVersionDate "2021.10.24"]
[SourceQuality "1"]

1. d4 f5 2. g3 Nf6 3. Bg2 g6 4. Nf3 Bg7 5. 0-0 0-0 6. c4 d6 7. Nc3 Nc6 8. d5 Na5 9. Qa4 c5 10. dxc6 bxc6 11. c5 d5 12. Ne5 e6 13. Nxc6 Nxc6 14. Qxc6 Bd7 15. Qa6 Qc8 16. Qa3 Ne4 17. Nxe4 fxe4 18. Bf4 Bb5 19. Rfe1 e5 20. Bd2 Qd7 21. Rad1 Rab8 22. f3 exf3 23. exf3 Bc6 24. b4 Qb7 25. Qb3 a5 26. a3 Qf7 27. Rb1 Kh8 28. Qc2 axb4 29. axb4 e4 30. fxe4 Qf2+ 31. Kh1 dxe4 32. Rf1 Qe2 33. Rxf8+ Rxf8 34. Qd1 Qxd1+ 35. Rxd1 Rd8 36. b5 Bxb5 37. Bxe4 Ba4 38. Rb1 Rxd2 39. Rb8+ Bf8 40. Rxf8+ Kg7 41. Ra8 Bc2 42. Ra7+ Kh6 43. Bf3 Bd1 44. Bxd1 Rxd1+ 45. Kg2 Rc1 1/2-1/2

[Event "OP-2015-0-03885"]
[Site "LSS email"]
[Date "2015.11.30"]
[Round "?"]
[White "Kolanek, Roman"]
[Black "Narkun, Malgorzata"]
[Result "0-1"]
[WhiteElo "2082"]
[BlackElo "2031"]
[PlyCount "146"]
[EventDate "2015.11.26"]
[EventType "tourn (corr)"]
[EventRounds "4"]
[EventCountry "GER"]
[SourceTitle "Corr 2022"]
[Source "ChessBase"]
[SourceDate "2021.10.24"]
[SourceVersion "1"]
[SourceVersionDate "2021.10.24"]
[SourceQuality "1"]

1. d4 f5 2. c4 Nf6 3. Nf3 g6 4. Nc3 Bg7 5. e3 0-0 6. Be2 c5 7. 0-0 b6 8. d5 Na6 9. Ng5 d6 10. e4 h6 11. Nf3 Nxe4 12. Nxe4 fxe4 13. Nd2 e3 14. fxe3 e6 15. Rxf8+ Qxf8 16. Ne4 Bb7 17. Nc3 exd5 18. Nxd5 Qf7 19. Qf1 Qxf1+ 20. Kxf1 Rf8+ 21. Kg1 Nb4 22. Nxb4 cxb4 23. a3 b3 24. a4 Be4 25. Ra3 Bc2 26. a5 Rf5 27. axb6 axb6 28. Ra8+ Kh7 29. Bf3 g5 30. h3 Ra5 31. Bd5 Ra2 32. Kf2 Bd3 33. Kf3 Be5 34. Bg8+ Kg7 35. Bd5 Kf6 36. e4 Ke7 37. c5 dxc5 38. Rxa2 bxa2 39. Bxa2 c4 40. b3 c3 41. Ke3 Ba6 42. Kf3 c2 43. g3 Bf6 44. Ke3 g4 45. h4 Be5 46. Kd2 Bb7 47. Kxc2 Bxe4+ 48. Kd1 Bxg3 49. Bxh6 Bxh4 50. b4 b5 51. Kd2 g3 52. Be3 g2 53. Bg1 Bg3 54. Ke3 Bc6 55. Bb1 Be1 56. Be4 Kd6 57. Bh2+ Kd7 58. Bf5+ Kd8 59. Kd3 Bxb4 60. Kd4 Bd6 61. Bg1 Bf4 62. Be6 Ke7 63. Bg4 Bb8 64. Kc3 Kf6 65. Bh3 Bd6 66. Kd4 Kg5 67. Kd3 Be5 68. Be6 Bc7 69. Ke2 b4 70. Bb3 Kf4 71. Be6 Bb5+ 72. Kd1 Be5 73. Ke1 Ke4 0-1

[Event "OP-2015-0-03885"]
[Site "LSS email"]
[Date "2015.11.30"]
[Round "?"]
[White "Narkun, Malgorzata"]
[Black "Heiser, Jerome"]
[Result "1-0"]
[WhiteElo "2031"]
[BlackElo "673"]
[PlyCount "57"]
[EventDate "2015.11.26"]
[EventType "tourn (corr)"]
[EventRounds "4"]
[EventCountry "GER"]
[SourceTitle "Corr 2022"]
[Source "ChessBase"]
[SourceDate "2021.10.24"]
[SourceVersion "1"]
[SourceVersionDate "2021.10.24"]
[SourceQuality "1"]

1. d4 d5 2. c4 e5 3. dxe5 d4 4. Nf3 Nc6 5. a3 Bg4 6. Nbd2 Be7 7. b4 Bg5 8. Bb2 f6 9. Nxg5 fxg5 10. h3 Bh5 11. Nb3 Nxe5 12. Qxd4 Qe7 13. Qxe5 Qxe5 14. Bxe5 Nf6 15. Bxc7 0-0 16. e3 Ne4 17. f3 Ng3 18. Bxg3 Rfe8 19. Kf2 h6 20. c5 Bf7 21. Nd4 a5 22. b5 a4 23. c6 bxc6 24. bxc6 Bd5 25. c7 Ra7 26. Bb5 Rea8 27. Rhc1 Kf7 28. c8Q Rxc8 29. Rxc8 1-0

[Event "RB-2015-0-00298"]
[Site "LSS email"]
[Date "2015.10.30"]
[Round "?"]
[White "Kudr, Roman"]
[Black "Narkun, Malgorzata"]
[Result "1/2-1/2"]
[WhiteElo "2113"]
[BlackElo "1974"]
[PlyCount "47"]
[EventDate "2015.10.07"]
[EventType "tourn (corr)"]
[EventRounds "6"]
[EventCountry "GER"]
[SourceTitle "Corr 2022"]
[Source "ChessBase"]
[SourceDate "2021.10.24"]
[SourceVersion "1"]
[SourceVersionDate "2021.10.24"]
[SourceQuality "1"]

1. e4 e5 2. Nf3 Nc6 3. Bb5 Nf6 4. d3 d6 5. c3 Be7 6. 0-0 0-0 7. Re1 a6 8. Ba4 b5 9. Bc2 Bg4 10. Nbd2 d5 11. exd5 Nxd5 12. h3 Bh5 13. Ne4 Bg6 14. a4 Qd7 15. b4 h6 16. Bd2 Nb6 17. Be3 Nxa4 18. Bxa4 bxa4 19. Bc5 Bxe4 20. Rxe4 Bxc5 21. bxc5 Qd5 22. Qxa4 Rfd8 23. Rae1 Qd7 24. Ra1 1/2-1/2

[Event "RB-2015-0-00298"]
[Site "LSS email"]
[Date "2015.10.30"]
[Round "?"]
[White "Narkun, Malgorzata"]
[Black "Cvak, Rudolf"]
[Result "1-0"]
[WhiteElo "1974"]
[BlackElo "1979"]
[PlyCount "71"]
[EventDate "2015.10.07"]
[EventType "tourn (corr)"]
[EventRounds "6"]
[EventCountry "GER"]
[SourceTitle "Corr 2022"]
[Source "ChessBase"]
[SourceDate "2021.10.24"]
[SourceVersion "1"]
[SourceVersionDate "2021.10.24"]
[SourceQuality "1"]

1. d4 d5 2. c4 c6 3. Nf3 e6 4. e3 Nf6 5. Nc3 Nbd7 6. Qc2 Bd6 7. Bd3 dxc4 8. Bxc4 b5 9. Be2 0-0 10. 0-0 Bb7 11. Rd1 Qc7 12. h3 b4 13. Na4 c5 14. dxc5 Rac8 15. Qd2 Bxc5 16. Nxc5 Qxc5 17. Qe1 Bxf3 18. Bxf3 Qc2 19. Rd4 a5 20. Bd1 Qc7 21. b3 e5 22. Rc4 Qd6 23. Be2 Nb6 24. Rxc8 Rxc8 25. a3 Ne4 26. Bb2 g6 27. axb4 axb4 28. Rd1 Qe7 29. Bd3 Nc3 30. Rc1 Kg7 31. Bf1 h5 32. e4 Qc5 33. Kh2 Qd4 34. f3 Kf6 35. Ra1 Kg7 36. Bc1 1-0

[Event "CP-2015-P-00038"]
[Site "LSS email"]
[Date "2015.09.28"]
[Round "?"]
[White "Jacewicz, Grzegorz"]
[Black "Narkun, Malgorzata"]
[Result "1/2-1/2"]
[WhiteElo "2101"]
[BlackElo "1974"]
[PlyCount "56"]
[EventDate "2015.10.01"]
[EventType "tourn (corr)"]
[EventRounds "6"]
[EventCountry "GER"]
[SourceTitle "Corr 2022"]
[Source "ChessBase"]
[SourceDate "2021.10.24"]
[SourceVersion "1"]
[SourceVersionDate "2021.10.24"]
[SourceQuality "1"]

1. e4 e5 2. Nf3 Nc6 3. Bb5 Nf6 4. d3 d6 5. 0-0 a6 6. Ba4 b5 7. Bb3 Na5 8. Bd2 Nxb3 9. axb3 Be7 10. Re1 0-0 11. Ba5 Bb7 12. c4 Qc8 13. Nc3 c6 14. d4 exd4 15. Qxd4 b4 16. Na4 c5 17. Qd3 Qc6 18. Nb6 Rae8 19. Nd2 Ng4 20. Qg3 f5 21. exf5 Nh6 22. Nd5 Qd7 23. f6 Bxf6 24. Rxe8 Qxe8 25. Qxd6 Bd4 26. Nf3 Nf5 27. Qb6 Bxd5 28. cxd5 Bxf2+ 1/2-1/2

[Event "CP-2015-P-00038"]
[Site "LSS email"]
[Date "2015.09.28"]
[Round "?"]
[White "Narkun, Malgorzata"]
[Black "Belanoff, Stuart B"]
[Result "1-0"]
[WhiteElo "1974"]
[BlackElo "2273"]
[PlyCount "139"]
[EventDate "2015.10.01"]
[EventType "tourn (corr)"]
[EventRounds "6"]
[EventCountry "GER"]
[SourceTitle "Corr 2022"]
[Source "ChessBase"]
[SourceDate "2021.10.24"]
[SourceVersion "1"]
[SourceVersionDate "2021.10.24"]
[SourceQuality "1"]

1. d4 Nc6 2. d5 Ne5 3. e4 e6 4. dxe6 fxe6 5. Nc3 b6 6. f4 Ng6 7. h4 Bb7 8. h5 N6e7 9. Nf3 Nf6 10. Bd3 d5 11. e5 Ne4 12. Bxe4 dxe4 13. Qxd8+ Kxd8 14. Ng5 Kd7 15. Be3 Re8 16. 0-0-0+ Kc8 17. g4 Nc6 18. Rh3 h6 19. Ngxe4 Rd8 20. Rxd8+ Kxd8 21. a3 Be7 22. Kd1 Kc8 23. Ke1 Rf8 24. Rh2 Rf7 25. Nd2 Rf8 26. Ne2 Rf7 27. Rh3 a5 28. Nf3 a4 29. Nc3 Na5 30. Nd2 Bc6 31. Ke2 Rf8 32. Rg3 Kb7 33. Rg1 Kc8 34. Rb1 Rd8 35. b4 axb3 36. cxb3 Bb7 37. b4 Ba6+ 38. b5 Bb7 39. Ra1 Kb8 40. a4 Bb4 41. Rc1 Ba3 42. Rc2 Be7 43. Na2 Bd5 44. Kf2 Bh4+ 45. Kf1 Be7 46. Ke2 Bb7 47. Rc1 Ba3 48. Rb1 Be7 49. Rg1 Ba3 50. g5 Rh8 51. Kd3 Bf8 52. gxh6 Rxh6 53. f5 Rxh5 54. f6 Rh7 55. Nc3 Bc8 56. Nce4 Nb7 57. Nf3 Bd7 58. Bd2 c5 59. Bf4 Nd8 60. Ke3 Kc7 61. Rd1 Rh8 62. Nd6 c4 63. Ng5 c3 64. Rd3 c2 65. Kd2 Rh4 66. Bg3 Rxa4 67. Nh7 Bxd6 68. exd6+ Kb7 69. Rc3 Bxb5 70. Rc7+ 1-0

[Event "CP-2015-P-00038"]
[Site "LSS email"]
[Date "2015.09.28"]
[Round "?"]
[White "Narkun, Malgorzata"]
[Black "Vogel, Helmut"]
[Result "1-0"]
[WhiteElo "1974"]
[BlackElo "1458"]
[PlyCount "77"]
[EventDate "2015.10.01"]
[EventType "tourn (corr)"]
[EventRounds "6"]
[EventCountry "GER"]
[SourceTitle "Corr 2022"]
[Source "ChessBase"]
[SourceDate "2021.10.24"]
[SourceVersion "1"]
[SourceVersionDate "2021.10.24"]
[SourceQuality "1"]

1. d4 Nf6 2. c4 g6 3. Nc3 d6 4. e4 Bg7 5. Nf3 0-0 6. Be2 c5 7. d5 Na6 8. Bg5 h6 9. Be3 e5 10. Qc1 Ng4 11. Bd2 h5 12. 0-0 Bd7 13. a3 Nc7 14. b4 b6 15. Bg5 Nf6 16. Rb1 Rb8 17. Qe3 Rc8 18. Nd2 Nce8 19. Qd3 Bg4 20. f3 Bd7 21. Rb3 Rb8 22. Rfb1 Qc8 23. Qe3 Kh7 24. Bd3 Rb7 25. h3 Ng8 26. Qe1 Rc7 27. a4 cxb4 28. Rxb4 Nef6 29. Nb3 Bh6 30. Bxh6 Nxh6 31. Qf2 Kg8 32. a5 bxa5 33. Nxa5 Qd8 34. c5 dxc5 35. R4b2 c4 36. Nxc4 Qc8 37. Qe2 Kg7 38. Nd1 Qe8 39. Qd2 1-0

[Event "WC-2015-P-00015"]
[Site "LSS email"]
[Date "2015.01.19"]
[Round "?"]
[White "Laine, Jari"]
[Black "Narkun, Malgorzata"]
[Result "0-1"]
[WhiteElo "2039"]
[BlackElo "1895"]
[PlyCount "54"]
[EventDate "2015.01.25"]
[EventType "tourn (corr)"]
[EventRounds "12"]
[EventCountry "GER"]
[SourceTitle "Corr 2022"]
[Source "ChessBase"]
[SourceDate "2021.10.24"]
[SourceVersion "1"]
[SourceVersionDate "2021.10.24"]
[SourceQuality "1"]

1. e4 e5 2. Nf3 Nc6 3. Nc3 Nf6 4. d4 exd4 5. Nxd4 Bb4 6. Nxc6 bxc6 7. Bd3 0-0 8. 0-0 d5 9. exd5 cxd5 10. Bg5 c6 11. Na4 h6 12. Bh4 Re8 13. c4 Bd6 14. cxd5 cxd5 15. Nc3 Rb8 16. b3 Be6 17. Rc1 Bf4 18. Rc2 Rb4 19. Bxf6 Qxf6 20. Re1 Rd8 21. g3 Bc7 22. Na4 Ba5 23. Re3 Bg4 24. Qe1 Rf8 25. Nc5 Bh3 26. Qd1 Rbb8 27. g4 Qh4 0-1

[Event "WC-2015-P-00015"]
[Site "LSS email"]
[Date "2015.01.19"]
[Round "?"]
[White "Narkun, Malgorzata"]
[Black "Nowak, Adam"]
[Result "1/2-1/2"]
[WhiteElo "1895"]
[BlackElo "2052"]
[PlyCount "123"]
[EventDate "2015.01.25"]
[EventType "tourn (corr)"]
[EventRounds "12"]
[EventCountry "GER"]
[SourceTitle "Corr 2022"]
[Source "ChessBase"]
[SourceDate "2021.10.24"]
[SourceVersion "1"]
[SourceVersionDate "2021.10.24"]
[SourceQuality "1"]

1. d4 d5 2. c4 e6 3. Nc3 Nf6 4. Bg5 Be7 5. cxd5 exd5 6. e3 c6 7. Bd3 0-0 8. Nge2 h6 9. Bh4 Nbd7 10. Qc2 a5 11. 0-0 b5 12. Rad1 Re8 13. f3 Ba6 14. Bf2 Qb6 15. e4 dxe4 16. fxe4 b4 17. Na4 Bxd3 18. Rxd3 Qb5 19. e5 Ne4 20. Rf3 Ng5 21. Rf5 Ne6 22. Be3 Rf8 23. b3 Bg5 24. Bf2 Rad8 25. h4 Be7 26. Re1 Rc8 27. Qe4 g6 28. Qg4 Rce8 29. h5 Bg5 30. hxg6 fxg6 31. Rxf8+ Ndxf8 32. Ng3 h5 33. Qf3 Rd8 34. Ne4 Be7 35. Nf6+ Bxf6 36. Qxf6 Qb7 37. Qh4 Qf7 38. Nb6 Qf4 39. Qxf4 Nxf4 40. Nc4 Rd5 41. Be3 N8e6 42. Nd6 g5 43. g3 Nd3 44. Rf1 Nxd4 45. Bxd4 Rxd4 46. e6 Rxd6 47. e7 Re6 48. Rf8+ Kg7 49. e8Q Rxe8 50. Rxe8 Kf6 51. Rd8 Ne5 52. Rf8+ Ke6 53. Kf2 c5 54. Ra8 h4 55. gxh4 gxh4 56. Ke3 Kd5 57. Rh8 c4 58. Rxh4 c3 59. Rh5 Kd6 60. Kd4 Nc6+ 61. Kd3 Ne5+ 62. Ke4 1/2-1/2

[Event "ZN-2014-0-02823"]
[Site "LSS email"]
[Date "2014.10.07"]
[Round "?"]
[White "Narkun, Malgorzata"]
[Black "Cherry, Brian"]
[Result "1-0"]
[WhiteElo "1745"]
[BlackElo "573"]
[PlyCount "29"]
[EventDate "2014.10.04"]
[EventType "match (corr)"]
[EventRounds "2"]
[EventCountry "GER"]
[SourceTitle "Corr 2015"]
[Source "ChessBase"]
[SourceDate "2015.07.17"]
[SourceVersion "1"]
[SourceVersionDate "2015.07.17"]
[SourceQuality "1"]

1. d4 d5 2. e4 e6 3. Nc3 g6 4. Nf3 Nc6 5. h4 Bg7 6. h5 Bh6 7. Bxh6 Nxh6 8. hxg6 hxg6 9. Qd2 Qf6 10. Nb5 Kd7 11. Rxh6 Re8 12. 0-0-0 a6 13. Nc3 b5 14. exd5 Nb4 15. Ne5+ 1-0

[Event "OP-2014-0-03517"]
[Site "LSS email"]
[Date "2014.10.04"]
[Round "?"]
[White "Narkun, Malgorzata"]
[Black "Sorcinelli, Andrea"]
[Result "1/2-1/2"]
[WhiteElo "1779"]
[BlackElo "2127"]
[PlyCount "57"]
[EventDate "2014.09.28"]
[EventType "tourn (corr)"]
[EventRounds "4"]
[EventCountry "GER"]
[SourceTitle "Corr 2015"]
[Source "ChessBase"]
[SourceDate "2015.07.17"]
[SourceVersion "1"]
[SourceVersionDate "2015.07.17"]
[SourceQuality "1"]

1. d4 e6 2. e4 d5 3. Nc3 Bb4 4. e5 c5 5. a3 Bxc3+ 6. bxc3 Ne7 7. Qg4 cxd4 8. Qxg7 Rg8 9. Qxh7 Qc7 10. Ne2 Nbc6 11. f4 dxc3 12. h4 Bd7 13. h5 0-0-0 14. Qd3 d4 15. Rb1 Kb8 16. h6 Rg6 17. h7 Rh8 18. Nxd4 Nxd4 19. Qxd4 Nf5 20. Qf2 Bc6 21. Be3 Qa5 22. Rh3 Rg7 23. Bd4 Nxd4 24. Qxd4 Rgxh7 25. Rxh7 Rxh7 26. Qd6+ Kc8 27. Rd1 Rh8 28. Rd4 Qb6 29. Qb4 1/2-1/2

[Event "CP-2014-P-00031"]
[Site "LSS email"]
[Date "2014.09.30"]
[Round "?"]
[White "Narkun, Malgorzata"]
[Black "Fineboim, Igor"]
[Result "1-0"]
[WhiteElo "1768"]
[BlackElo "2093"]
[PlyCount "111"]
[EventDate "2014.10.01"]
[EventType "tourn (corr)"]
[EventRounds "6"]
[EventCountry "GER"]
[SourceTitle "Corr 2022"]
[Source "ChessBase"]
[SourceDate "2021.10.24"]
[SourceVersion "1"]
[SourceVersionDate "2021.10.24"]
[SourceQuality "1"]

1. d4 Nf6 2. c4 e6 3. Nc3 Bb4 4. f3 d5 5. a3 Bxc3+ 6. bxc3 c5 7. cxd5 Nxd5 8. dxc5 f5 9. Nh3 0-0 10. Nf4 Nc6 11. Nxd5 exd5 12. Bf4 Be6 13. Rb1 Rf7 14. Qd2 Qa5 15. Bd6 Rd7 16. e3 a6 17. Be2 b6 18. c4 bxc5 19. Qxa5 Nxa5 20. Bxc5 Nxc4 21. Ra1 a5 22. Kf2 Rb7 23. h3 h5 24. Bd4 Rb3 25. a4 Rab8 26. Rhe1 Kf7 27. Rec1 Rc8 28. Rab1 Rcb8 29. Rxb3 Rxb3 30. h4 g6 31. Kg3 Ra3 32. Bd1 Nxe3 33. Rc7+ Kg8 34. Rg7+ Kf8 35. Ra7 Ke8 36. Be2 Bd7 37. Bc5 Rc3 38. Rxa5 Rc2 39. Bd3 Rc3 40. Bxe3 Rxd3 41. Ra8+ Kf7 42. Bg5 Rc3 43. a5 d4 44. Ra6 Rc6 45. Rxc6 Bxc6 46. a6 Ke6 47. a7 Kd7 48. Bf6 d3 49. Bc3 Kc7 50. Bd2 Kb7 51. Kf4 Kxa7 52. Ke5 Kb6 53. Kf6 Be8 54. Ke7 Bc6 55. Kf7 f4 56. Bxf4 1-0

[Event "CP-2014-P-00031"]
[Site "LSS email"]
[Date "2014.09.30"]
[Round "?"]
[White "Narkun, Malgorzata"]
[Black "Isaacson, David"]
[Result "1-0"]
[WhiteElo "1768"]
[BlackElo "2063"]
[PlyCount "93"]
[EventDate "2014.10.01"]
[EventType "tourn (corr)"]
[EventRounds "6"]
[EventCountry "GER"]
[SourceTitle "Corr 2022"]
[Source "ChessBase"]
[SourceDate "2021.10.24"]
[SourceVersion "1"]
[SourceVersionDate "2021.10.24"]
[SourceQuality "1"]

1. d4 Nf6 2. c4 e6 3. Nc3 Bb4 4. f3 d5 5. a3 Bxc3+ 6. bxc3 c5 7. cxd5 Nxd5 8. dxc5 Qa5 9. e4 Ne7 10. Be3 0-0 11. Qb3 Nd7 12. Bb5 Qc7 13. Bxd7 Bxd7 14. Ne2 Nc6 15. Rb1 Na5 16. Qb4 e5 17. 0-0 Be6 18. Bf2 Rfd8 19. h3 Rab8 20. Rfd1 Rxd1+ 21. Rxd1 Nc4 22. Rd5 Bxd5 23. exd5 b5 24. c6 f5 25. Qc5 h6 26. a4 a6 27. Ng3 g6 28. axb5 axb5 29. Nf1 Kf7 30. Nd2 Nd6 31. Qe3 Ne8 32. c4 Kg7 33. Qc3 Kh7 34. Bg3 f4 35. Bf2 bxc4 36. Ne4 Ra8 37. Qxc4 Kg7 38. Kh2 Kh7 39. Qc5 Rd8 40. Bh4 g5 41. Be1 Ra8 42. d6 Nxd6 43. Nxd6 Ra6 44. Qc2+ Kh8 45. Qg6 Qg7 46. Nf7+ Kg8 47. Nxh6+ 1-0

[Event "CP-2014-P-00031"]
[Site "LSS email"]
[Date "2014.09.30"]
[Round "?"]
[White "Svrsek, Radomir Sr"]
[Black "Narkun, Malgorzata"]
[Result "1/2-1/2"]
[WhiteElo "2159"]
[BlackElo "1768"]
[PlyCount "72"]
[EventDate "2014.10.01"]
[EventType "tourn (corr)"]
[EventRounds "6"]
[EventCountry "GER"]
[SourceTitle "Corr 2022"]
[Source "ChessBase"]
[SourceDate "2021.10.24"]
[SourceVersion "1"]
[SourceVersionDate "2021.10.24"]
[SourceQuality "1"]

1. Nf3 d5 2. d4 c6 3. c4 Nf6 4. e3 a6 5. Nc3 b5 6. b3 Bg4 7. Be2 e6 8. 0-0 Nbd7 9. h3 Bh5 10. Bb2 Bd6 11. Ne5 Bxe2 12. Nxe2 bxc4 13. bxc4 0-0 14. Rb1 Qc7 15. Nxd7 Nxd7 16. c5 Be7 17. Qd3 Rfb8 18. Bc3 Qc8 19. g3 e5 20. f3 a5 21. Kg2 a4 22. dxe5 Nxc5 23. Qc2 Ne6 24. Rxb8 Rxb8 25. Qxa4 Ra8 26. Qc2 Ra3 27. Nd4 Qa6 28. Rf2 c5 29. Nxe6 fxe6 30. Qb2 Qa8 31. Kg1 g6 32. Kh2 h5 33. h4 Kf7 34. Rc2 Qa7 35. Kh3 Bf8 36. Kg2 Qa4 1/2-1/2

[Event "ZI-2014-0-01862"]
[Site "LSS email"]
[Date "2014.08.30"]
[Round "?"]
[White "Narkun, Malgorzata"]
[Black "Reede, Arvo"]
[Result "1/2-1/2"]
[WhiteElo "1745"]
[BlackElo "1706"]
[PlyCount "57"]
[EventDate "2014.08.26"]
[EventType "match (corr)"]
[EventRounds "2"]
[EventCountry "GER"]
[SourceTitle "Corr 2015"]
[Source "ChessBase"]
[SourceDate "2015.07.17"]
[SourceVersion "1"]
[SourceVersionDate "2015.07.17"]
[SourceQuality "1"]

1. d4 Nf6 2. c4 e6 3. Nc3 d5 4. cxd5 Nxd5 5. e4 Nxc3 6. bxc3 c5 7. Nf3 cxd4 8. cxd4 Bb4+ 9. Bd2 Bxd2+ 10. Qxd2 0-0 11. Rc1 b6 12. Bd3 Bb7 13. 0-0 Nd7 14. Qe3 Nf6 15. Ne5 Qe7 16. f3 Rac8 17. Rfd1 Nd7 18. Nc4 Nf6 19. Qd2 Rfd8 20. Bf1 Rc7 21. Ne3 Rxc1 22. Qxc1 Rc8 23. Qb2 Rb8 24. a4 Qc7 25. Rc1 Qd8 26. g3 Rc8 27. Rb1 Rc7 28. Qd2 Rd7 29. Rd1 1/2-1/2